An economic model of auto thefts in Finland
| Main Author: | |
|---|---|
| Contributors: | |
| Format: | Print Article |
| Language: | English |
| Published: |
1993
|
| In: |
International review of law and economics
Year: 1993, Volume: 13, Issue: 2, Pages: 179-191 |
| Availability in Tübingen: | Present in Tübingen. IFK: 7942 |
| Check availability: | HBZ Gateway |
| Keywords: |
MARC
| LEADER | 00000caa a22000002c 4500 | ||
|---|---|---|---|
| 001 | 260283746 | ||
| 003 | DE-627 | ||
| 005 | 20230120081720.0 | ||
| 007 | tu | ||
| 008 | 160223s1993 xxu||||| 00| ||eng c | ||
| 035 | |a (DE-627)260283746 | ||
| 035 | |a (DE-576)455864624 | ||
| 035 | |a (DE-599)GBV260283746 | ||
| 040 | |a DE-627 |b ger |c DE-627 |e rakwb | ||
| 041 | |a eng | ||
| 044 | |c XD-US | ||
| 100 | 1 | |a Koskela, Erkki |d 1946-2020 |0 (DE-588)11430503X |0 (DE-627)505285037 |0 (DE-576)289792614 |4 aut | |
| 109 | |a Koskela, Erkki 1946-2020 |a Koskela, Erkki A. 1946-2020 |a Koskela, Erkki Aarre 1946-2020 | ||
| 245 | 1 | 3 | |a An economic model of auto thefts in Finland |c Erkki Koskela, Matti Virén |
| 264 | 1 | |c 1993 | |
| 300 | |b Graph. Darst | ||
| 336 | |a Text |b txt |2 rdacontent | ||
| 337 | |a ohne Hilfsmittel zu benutzen |b n |2 rdamedia | ||
| 338 | |a Band |b nc |2 rdacarrier | ||
| 648 | 7 | |8 1.5\x |a 1958-1990 |2 stw | |
| 650 | 7 | |8 1.1\x |a Kriminalität |0 (DE-627)091372992 |0 (DE-2867)16195-0 |2 stw | |
| 650 | 7 | |8 1.2\x |a Zeitverwendung |0 (DE-627)091402042 |0 (DE-2867)11260-5 |2 stw | |
| 650 | 7 | |8 1.3\x |a Kraftfahrzeug |0 (DE-627)091372445 |0 (DE-2867)14433-6 |2 stw | |
| 650 | 7 | |8 1.4\x |a Finnland |0 (DE-627)091360080 |0 (DE-2867)16982-5 |2 stw | |
| 655 | 4 | |0 (DE-206)49 |a Aufsatz in Zeitschrift |5 DE-206 | |
| 700 | 1 | |a Virén, Matti E. E. |d 1948- |0 (DE-588)170058662 |0 (DE-627)060077875 |0 (DE-576)130971588 |4 oth | |
| 773 | 0 | 8 | |i In |t International review of law and economics |d Amsterdam [u.a.] : Elsevier, 1981 |g 13 (1993),2, S. 179-191 |w (DE-627)168224046 |w (DE-600)704902-X |w (DE-576)015958922 |x 0144-8188 |7 nnas |
| 773 | 1 | 8 | |g volume:13 |g year:1993 |g number:2 |g pages:179-191 |
| 935 | |a mkri | ||
| 951 | |a AR | ||
| ELC | |b 1 | ||
| LOK | |0 000 xxxxxcx a22 zn 4500 | ||
| LOK | |0 001 330003342X | ||
| LOK | |0 003 DE-627 | ||
| LOK | |0 004 260283746 | ||
| LOK | |0 005 20160223095426 | ||
| LOK | |0 008 160208||||||||||||||||ger||||||| | ||
| LOK | |0 040 |a DE-21-110 |c DE-627 |d DE-21-110 | ||
| LOK | |0 689 |a s |a Finnland | ||
| LOK | |0 689 |a s |a Kraftfahrzeugdiebstahl | ||
| LOK | |0 689 |a s |a Kriminalität | ||
| LOK | |0 689 |a s |a Ökonomik | ||
| LOK | |0 852 |a DE-21-110 | ||
| LOK | |0 852 1 |c 7942 |m p |9 00 | ||
| LOK | |0 935 |a k110 | ||
| LOK | |0 938 |k p | ||
| LOK | |0 939 |a 08-02-16 |b l01 | ||
| ORI | |a SA-MARC-krimdoka001.raw | ||
| SIG | |a IFK: 7942 | ||
